[Event "LBN-ch"]
[Site "Beirut"]
[Date "2023.11.10"]
[Round "9"]
[White "Maasarani, Mahmoud"]
[Black "Slim, Nadim"]
[Result "1-0"]
[WhiteElo "1929"]
[BlackElo "1688"]
[PlyCount "89"]
[EventDate "2023.10.30"]
[EventType "swiss"]
[EventRounds "9"]
[EventCountry "LBN"]
[SourceTitle "CBM 217 Extra"]
[Source "ChessBase"]
[SourceDate "2024.01.31"]
[SourceVersion "1"]
[SourceVersionDate "2024.01.31"]
[SourceQuality "1"]

1. c4 Nf6 2. Nf3 e6 3. g3 d5 4. Bg2 d4 5. d3 c5 6. 0-0 Nc6 7. a3 a5 8. e3 Bd6 9. exd4 cxd4 10. Bg5 h6 11. Bxf6 Qxf6 12. Nbd2 Qe7 13. Re1 0-0 14. Ne4 Bc7 15. b3 e5 16. h3 f5 17. Ned2 Qf6 18. c5 Be6 19. Rb1 g5 20. Qe2 Rae8 21. b4 axb4 22. axb4 Bd5 23. b5 e4 24. Nh2 Nd8 25. dxe4 fxe4 26. Nxe4 Bxe4 27. Ng4 Qg7 28. Bxe4 Kh8 29. Qc2 h5 30. Nh2 Rf6 31. b6 Bb8 32. Re2 Ref8 33. Rbe1 h4 34. Kg2 hxg3 35. fxg3 Qf7 36. Qd2 Ne6 37. Ng4 Rf3 38. Bxf3 Qxf3+ 39. Kg1 Qxg3+ 40. Rg2 Qf4 41. Qe2 Nxc5 42. Nf2 Qf5 43. Qh5+ Qh7 44. Rxg5 Nd7 45. Re7 1-0

[Event "LBN-ch"]
[Site "Beirut"]
[Date "2023.10.31"]
[Round "2"]
[White "Kassar, Bashar"]
[Black "Maasarani, Mahmoud"]
[Result "0-1"]
[WhiteElo "1547"]
[BlackElo "1929"]
[PlyCount "94"]
[EventDate "2023.10.30"]
[EventType "swiss"]
[EventRounds "9"]
[EventCountry "LBN"]
[SourceTitle "CBM 217 Extra"]
[Source "ChessBase"]
[SourceDate "2024.01.31"]
[SourceVersion "1"]
[SourceVersionDate "2024.01.31"]
[SourceQuality "1"]

1. e4 c6 2. d4 d5 3. Nc3 dxe4 4. Nxe4 Bf5 5. Ng3 Bg6 6. Nf3 e6 7. h4 h6 8. h5 Bh7 9. c3 Bd6 10. Bd3 Bxd3 11. Qxd3 Nf6 12. Ne4 Nxe4 13. Qxe4 Nd7 14. Bd2 Nf6 15. Qe2 Qc7 16. 0-0-0 Qa5 17. Kb1 Qf5+ 18. Ka1 0-0-0 19. Rh4 Kb8 20. Rg1 Ng4 21. Re1 Rhe8 22. Ne5 Nxe5 23. dxe5 Bxe5 24. Be3 Bf6 25. Ra4 a5 26. g4 Qd3 27. Qf3 Qb5 28. Ra3 Qd5 29. Qe2 Qd3 30. Qf3 Rd5 31. Rxa5 Red8 32. Rxd5 Rxd5 33. Qf4+ Kc8 34. Rc1 Rb5 35. Qa4 Qe2 36. Qa3 Be7 37. Qa8+ Kc7 38. Rb1 Bg5 39. Ba7 Bc1 40. Bb8+ Kd7 41. b3 Bd2 42. Kb2 Be1+ 43. Ka3 Bxc3 44. b4 Rb6 45. b5 Rxb5 46. Bc7 Bb2+ 47. Ka4 Qc4# 0-1

[Event "Asia-ch Amateur"]
[Site "Muscat"]
[Date "2022.10.03"]
[Round "7"]
[White "Maasarani, Mahmoud"]
[Black "Musallam Salim, Al Aamri"]
[Result "1/2-1/2"]
[WhiteElo "1991"]
[BlackElo "1680"]
[PlyCount "86"]
[EventDate "2022.09.29"]
[EventType "swiss"]
[EventRounds "9"]
[EventCountry "OMN"]
[SourceTitle "CBM 210 Extra"]
[Source "ChessBase"]
[SourceDate "2022.11.30"]
[SourceVersion "1"]
[SourceVersionDate "2022.11.30"]
[SourceQuality "1"]

1. d4 Nf6 2. Nf3 e6 3. Bg5 h6 4. Bh4 c5 5. e3 Be7 6. Bd3 d5 7. c3 Nbd7 8. 0-0 0-0 9. Nbd2 b6 10. e4 dxe4 11. Nxe4 Bb7 12. Re1 Rc8 13. Bg3 Nxe4 14. Bxe4 Bxe4 15. Rxe4 Nf6 16. Re1 cxd4 17. Nxd4 Rc5 18. Qa4 Qa8 19. Rad1 Rfc8 20. Qb3 Kh8 21. Nf3 Ne4 22. Ne5 Kg8 23. Rd7 Rxe5 24. Bxe5 Nc5 25. Qd1 Nxd7 26. Qxd7 Bf8 27. Rd1 Rc5 28. Bg3 Rd5 29. Rxd5 Qxd5 30. Qxd5 exd5 31. Kf1 f6 32. Ke2 Kf7 33. Kd3 Ke6 34. a4 Bd6 35. Bxd6 Kxd6 36. Kd4 Kc6 37. f4 g6 38. g4 g5 39. f5 a6 40. c4 dxc4 41. Kxc4 Kd6 42. Kd4 Kc6 43. b4 b5 1/2-1/2

[Event "LIB-ch sf"]
[Site "Beirut"]
[Date "2017.03.11"]
[Round "2"]
[White "Terzian, Kevork"]
[Black "Maasarani, Mahmoud"]
[Result "1/2-1/2"]
[WhiteElo "1705"]
[BlackElo "2049"]
[PlyCount "107"]
[EventDate "2017.03.10"]
[EventType "swiss"]
[EventRounds "9"]
[EventCountry "LBN"]
[SourceTitle "CBM 177 Extra"]
[Source "ChessBase"]
[SourceDate "2017.04.27"]
[SourceVersion "1"]
[SourceVersionDate "2017.04.27"]
[SourceQuality "1"]

1. Nf3 Nf6 2. d3 g6 3. e4 d6 4. g3 Bg7 5. Bg2 Nbd7 6. Nbd2 0-0 7. 0-0 c5 8. c3 Rb8 9. a4 b6 10. Qc2 Ba6 11. Re1 Ng4 12. h3 Nge5 13. Bf1 e6 14. Nxe5 Nxe5 15. f4 Nc6 16. Nf3 Qc7 17. Rb1 Rfc8 18. Be3 Qd7 19. Bg2 Nd4 20. Qd1 Nxf3+ 21. Bxf3 Bb7 22. Bf2 d5 23. e5 d4 24. Bxb7 Rxb7 25. cxd4 cxd4 26. Re4 Bf8 27. Rxd4 Qe8 28. Rc4 Rxc4 29. dxc4 Qc6 30. b3 Rd7 31. Qc2 Qf3 32. Kh2 Bb4 33. Be1 Bd2 34. Qd1 Qc3 35. Bf2 Rd3 36. Qe2 Be3 37. Bxe3 Rxe3 38. Qg2 Rd3 39. Qa8+ Kg7 40. Rg1 Rd7 41. Qc6 Rd2+ 42. Rg2 Rd1 43. Rf2 Qxb3 44. g4 Rd3 45. Qg2 Qxc4 46. f5 Qd5 47. f6+ Kf8 48. Qxd5 Rxd5 49. Rc2 Ke8 50. Rc7 Rd7 51. Rc8+ Rd8 52. Rc7 Rd7 53. Rc8+ Rd8 54. Rc7 1/2-1/2

[Event "LIB-ch 41st"]
[Site "Beirut"]
[Date "2015.12.07"]
[Round "10"]
[White "Abou El Hussen, Amir"]
[Black "Maasarani, Mahmoud"]
[Result "1-0"]
[WhiteElo "1905"]
[BlackElo "2087"]
[PlyCount "148"]
[EventDate "2015.11.25"]
[EventType "tourn"]
[EventRounds "11"]
[EventCountry "LBN"]
[SourceTitle "EXT 2017"]
[Source "ChessBase"]
[SourceDate "2016.10.25"]
[SourceVersion "1"]
[SourceVersionDate "2016.10.25"]
[SourceQuality "1"]

1. e4 g6 2. d4 Bg7 3. Nf3 d6 4. h3 Nf6 5. Nc3 c6 6. Be2 0-0 7. 0-0 b5 8. a3 a6 9. Be3 Nbd7 10. e5 Ne8 11. Bf4 Bb7 12. Na2 dxe5 13. dxe5 Nc7 14. Re1 Ne6 15. Bg3 Nb6 16. Qc1 Nd5 17. c4 bxc4 18. Bxc4 Qb6 19. Nc3 Rfd8 20. Ne4 h6 21. Kh2 c5 22. Qc2 Rac8 23. Rad1 Ndc7 24. Nc3 Nd4 25. Nxd4 cxd4 26. Ne4 Ne6 27. Qe2 Kh7 28. Bd3 a5 29. f4 Bxe4 30. Bxe4 Nc5 31. Bb1 e6 32. Bf2 Nb3 33. h4 Qc6 34. h5 Qc4 35. Bd3 Qc6 36. hxg6+ fxg6 37. Be4 Qe8 38. Bc2 a4 39. Bb1 Qf7 40. Qg4 Rc7 41. Rd3 h5 42. Rh3 d3 43. Qg5 Rcd7 44. Rd1 Bh6 45. Qf6 Bxf4+ 46. Bg3 Qxf6 47. exf6 Bxg3+ 48. Rxg3 Nc5 49. Rg5 Rd5 50. Rg3 e5 51. Ba2 Nb3 52. Re3 R5d6 53. f7 Kg7 54. Rxe5 Kxf7 55. Ra5 Kf6 56. Rxa4 Rb8 57. Rf4+ Ke5 58. Rf3 Nc5 59. b4 Na6 60. Re3+ Kf4 61. Rexd3 Rxd3 62. Rxd3 Ke4 63. Rd6 Nxb4 64. axb4 g5 65. Rd5 Ra8 66. Ra5 Rb8 67. b5 g4 68. Be6 Kf4 69. Ra4+ Kg5 70. Rb4 Rb6 71. Bd7 Rd6 72. b6 Rxd7 73. b7 h4 74. b8Q g3+ 1-0

[Event "LIB-ch 41st"]
[Site "Beirut"]
[Date "2015.11.26"]
[Round "2"]
[White "Maasarani, Mahmoud"]
[Black "Bassel, Charaf"]
[Result "1/2-1/2"]
[WhiteElo "2087"]
[BlackElo "2111"]
[PlyCount "91"]
[EventDate "2015.11.25"]
[EventType "tourn"]
[EventRounds "11"]
[EventCountry "LBN"]
[SourceTitle "EXT 2017"]
[Source "ChessBase"]
[SourceDate "2016.10.25"]
[SourceVersion "1"]
[SourceVersionDate "2016.10.25"]
[SourceQuality "1"]

1. d4 d5 2. Nf3 Bg4 3. Nbd2 c6 4. e3 Nd7 5. Be2 Ngf6 6. 0-0 e6 7. c4 Bd6 8. b3 0-0 9. Bb2 a6 10. h3 Bh5 11. Ne5 Bxe2 12. Qxe2 Qa5 13. f4 c5 14. g4 Rfd8 15. Qg2 cxd4 16. exd4 Bb4 17. Ndf3 dxc4 18. Nxc4 Qd5 19. Nfe5 Rac8 20. Ne3 Qxg2+ 21. Kxg2 Nxe5 22. fxe5 Nd5 23. Nxd5 Rxd5 24. Rac1 Rdd8 25. Rxc8 Rxc8 26. Rc1 Rc6 27. Kf3 Kf8 28. Ke4 Ke8 29. d5 Rxc1 30. Bxc1 Bc3 31. Bf4 b5 32. Kd3 Bb2 33. Ke4 Kd7 34. Be3 Kc7 35. Bd4 exd5+ 36. Kxd5 Bxd4 37. Kxd4 Kc6 38. b4 h6 39. h4 Kd7 40. Kd5 Ke7 41. Kd4 Ke6 42. Ke4 g6 43. Kd4 Ke7 44. Kd5 Kd7 45. Kd4 Ke7 46. Kd5 1/2-1/2

[Event "Mediterranean-ch 10th"]
[Site "Beirut"]
[Date "2015.10.16"]
[Round "1"]
[White "Mikati, Hani"]
[Black "Maasarani, Mahmoud"]
[Result "1/2-1/2"]
[WhiteElo "1671"]
[BlackElo "2104"]
[PlyCount "160"]
[EventDate "2015.10.16"]
[EventType "swiss"]
[EventRounds "9"]
[EventCountry "LBN"]
[SourceTitle "EXT 2018"]
[Source "ChessBase"]
[SourceDate "2017.10.13"]
[SourceVersion "1"]
[SourceVersionDate "2017.10.13"]
[SourceQuality "1"]

1. e4 g6 2. d4 d6 3. Bc4 Nf6 4. Nc3 Bg7 5. Nf3 0-0 6. h3 Nxe4 7. Bxf7+ Rxf7 8. Nxe4 h6 9. g4 Nc6 10. Be3 Kh7 11. h4 e5 12. h5 g5 13. Qd3 Kg8 14. Nfxg5 hxg5 15. Nxg5 Qf6 16. Qh7+ Kf8 17. Nxf7 exd4 18. h6 dxe3 19. hxg7+ Qxg7 20. Qxg7+ Kxg7 21. Nh6 Nd4 22. 0-0-0 Ne2+ 23. Kb1 exf2 24. Rd3 Be6 25. Nf5+ Bxf5 26. gxf5 Ng1 27. Rd1 Re8 28. f6+ Kxf6 29. Rh2 Re2 30. Rxf2+ Rxf2 31. Rxg1 Ke6 32. b3 Rf7 33. Rd1 d5 34. Rh1 d4 35. Rh6+ Kd5 36. Rh4 c5 37. Kc1 Re7 38. Kd2 a6 39. Rh5+ Kc6 40. a4 Re6 41. Rh8 b5 42. Rc8+ Kb6 43. a5+ Kxa5 44. Rxc5 Kb4 45. Rd5 Re4 46. Kd3 Rh4 47. Rd6 a5 48. Rb6 Kc5 49. Ra6 Rh3+ 50. Kd2 Kb4 51. Rd6 Rh4 52. Rb6 a4 53. bxa4 Kxa4 54. Ra6+ Kb4 55. Kd3 Kc5 56. Ra8 Rh3+ 57. Kd2 Rc3 58. Rc8+ Kb4 59. Rd8 Rc4 60. Ra8 Rc6 61. Ra1 Kc4 62. Ra5 Rh6 63. Ra8 Rh2+ 64. Kd1 Kb4 65. Rd8 Rh4 66. Kd2 Ka3 67. Ra8+ Kb4 68. Kd3 Rh2 69. Rc8 Rh4 70. Ra8 Rg4 71. Rc8 Ka3 72. Ra8+ Kb2 73. Rb8 Rg5 74. Rb7 Rd5 75. Rb8 Rh5 76. Rb7 Rd5 77. Rb8 Ka3 78. Ke4 Rc5 79. Kxd4 Kb4 80. c3+ Rxc3 1/2-1/2

[Event "Mediterranean Cup 9th"]
[Site "Chania"]
[Date "2014.09.06"]
[Round "5"]
[White "Maasarani, Mahmoud"]
[Black "Choukri, Adel"]
[Result "0-1"]
[WhiteElo "2101"]
[BlackElo "2190"]
[PlyCount "160"]
[EventDate "2014.09.03"]
[EventType "swiss"]
[EventRounds "9"]
[EventCountry "GRE"]
[SourceTitle "CBM 162 Extra"]
[Source "ChessBase"]
[SourceDate "2014.10.17"]
[SourceVersion "1"]
[SourceVersionDate "2014.10.17"]
[SourceQuality "1"]

1. d4 Nf6 2. Nf3 e6 3. g3 b6 4. Bg2 Bb7 5. c4 c5 6. e3 Be7 7. 0-0 0-0 8. Nc3 d6 9. b3 Nbd7 10. Bb2 Ne4 11. Qc2 Nxc3 12. Bxc3 Qc7 13. e4 cxd4 14. Nxd4 a6 15. Rac1 Rfc8 16. Qe2 Ne5 17. f4 Nc6 18. f5 Nxd4 19. Bxd4 e5 20. Be3 Bc6 21. g4 f6 22. h4 Qb7 23. Qf3 b5 24. g5 Be8 25. Qg4 bxc4 26. bxc4 Bf7 27. g6 Bxc4 28. gxh7+ Kxh7 29. Qg6+ Kg8 30. Rf3 Bf7 31. Qg4 Rxc1+ 32. Bxc1 Bf8 33. Kh2 Bxa2 34. h5 Qc8 35. Be3 Bf7 36. Rg3 Kh7 37. Qh4 Qd8 38. Rg6 Rb8 39. h6 Bxg6 40. hxg7+ Kxg7 41. Qh6+ Kg8 42. Qxg6+ Bg7 43. Bh6 Qe7 44. Bf1 Rc8 45. Bxa6 Rc2+ 46. Kh3 Qf7 47. Qxf7+ Kxf7 48. Bxg7 Kxg7 49. Bb7 Kh6 50. Kg4 Rg2+ 51. Kh4 Rg5 52. Bd5 Kg7 53. Be6 Kf8 54. Bd5 Ke7 55. Be6 Kd8 56. Bd5 Kc7 57. Be6 Kc6 58. Bd5+ Kc5 59. Ba8 Kd4 60. Bb7 Ke3 61. Bd5 Kf3 62. Bc6 Kf4 63. Bd5 Rg4+ 64. Kh5 Rg5+ 65. Kh6 Ke3 66. Bc6 Kf4 67. Bd5 Rxf5 68. exf5 Kxf5 69. Kg7 e4 70. Kf7 Ke5 71. Bb3 f5 72. Kg6 f4 73. Kg5 d5 74. Kg4 d4 75. Ba4 d3 76. Bb3 e3 77. Kf3 Kd4 78. Kg2 Kc3 79. Ba4 e2 80. Kf2 Kd2 0-1

[Event "LIB-ch 40th"]
[Site "Beirut"]
[Date "2014.06.23"]
[Round "8.1"]
[White "Maasarani, Mahmoud"]
[Black "Shamieh, Jamal"]
[Result "1/2-1/2"]
[WhiteElo "2103"]
[BlackElo "2076"]
[PlyCount "99"]
[EventDate "2014.06.14"]
[EventType "tourn"]
[EventRounds "11"]
[EventCountry "LBN"]
[SourceTitle "EXT 2016"]
[Source "ChessBase"]
[SourceDate "2015.10.08"]
[SourceVersion "1"]
[SourceVersionDate "2015.10.08"]
[SourceQuality "1"]

1. d4 Nf6 2. Nf3 e6 3. g3 d5 4. Bg2 Be7 5. 0-0 0-0 6. c4 c6 7. Nc3 Nbd7 8. b3 b6 9. Bb2 Ba6 10. Nd2 Rc8 11. Re1 b5 12. cxb5 cxb5 13. e4 b4 14. Na4 dxe4 15. Nxe4 Nxe4 16. Bxe4 Nf6 17. Bg2 Qd7 18. Rc1 Rxc1 19. Qxc1 Rc8 20. Nc5 Bxc5 21. dxc5 Bb7 22. Bxb7 Qxb7 23. Bxf6 gxf6 24. Qc4 Kf8 25. Rc1 Ke7 26. c6 Qb6 27. c7 a6 28. Qc6 Qxc6 29. Rxc6 Kd7 30. Rxa6 Rxc7 31. Rb6 Ra7 32. Rxb4 Rxa2 33. Rb7+ Ke8 34. Rb8+ Ke7 35. g4 e5 36. Kg2 Rb2 37. b4 e4 38. Kg3 Rb3+ 39. Kf4 Rf3+ 40. Kxe4 Rxf2 41. h4 h5 42. gxh5 Rh2 43. Kf3 Rxh4 44. Rb5 f5 45. h6 Rxh6 46. Rb7+ Kd8 47. Kf4 Kc8 48. Rb5 Kc7 49. Kg5 Rb6 50. Rxf5 1/2-1/2

[Event "LIB-ch 40th"]
[Site "Beirut"]
[Date "2014.06.20"]
[Round "6.1"]
[White "Maasarani, Mahmoud"]
[Black "Chahrour, Ibrahim"]
[Result "0-1"]
[WhiteElo "2103"]
[BlackElo "2133"]
[PlyCount "70"]
[EventDate "2014.06.14"]
[EventType "tourn"]
[EventRounds "11"]
[EventCountry "LBN"]
[SourceTitle "EXT 2016"]
[Source "ChessBase"]
[SourceDate "2015.10.08"]
[SourceVersion "1"]
[SourceVersionDate "2015.10.08"]
[SourceQuality "1"]

1. Nf3 Nc6 2. b3 e5 3. Bb2 e4 4. Nd4 Nxd4 5. Bxd4 d5 6. e3 Nf6 7. Be2 Bd6 8. c4 c6 9. cxd5 Nxd5 10. Nc3 Nxc3 11. Bxc3 Qg5 12. Qc2 Qxg2 13. 0-0-0 Be6 14. Bc4 Bxc4 15. bxc4 0-0-0 16. Rhg1 Qf3 17. Rxg7 Rhg8 18. Rxh7 Rg2 19. Rh8 Rxh8 20. Bxh8 Rxh2 21. Bb2 Rxf2 22. c5 Be7 23. Qc4 Qf5 24. Bd4 Qd5 25. Qxd5 cxd5 26. Kc2 Kc7 27. Kc3 Kc6 28. Rh1 Bd8 29. Rh6+ f6 30. Kb4 Rxd2 31. Bxf6 a5+ 32. Ka4 Bxf6 33. Rxf6+ Kxc5 34. a3 Rd3 35. Rb6 Rxa3+ 0-1

[Event "LIB-ch 40th+"]
[Site "Beirut"]
[Date "2014.06.15"]
[Round "2.1"]
[White "Maasarani, Mahmoud"]
[Black "Shihab, Khaled"]
[Result "1-0"]
[WhiteElo "2103"]
[BlackElo "2112"]
[PlyCount "97"]
[EventDate "2014.06.14"]
[EventType "tourn"]
[EventRounds "11"]
[EventCountry "LBN"]
[SourceTitle "EXT 2016"]
[Source "ChessBase"]
[SourceDate "2015.10.08"]
[SourceVersion "1"]
[SourceVersionDate "2015.10.08"]
[SourceQuality "1"]

1. d4 Nf6 2. Nf3 e6 3. g3 b6 4. c4 Ba6 5. Qc2 Bb7 6. Bg2 c5 7. e3 Be7 8. 0-0 Qc8 9. Nbd2 0-0 10. b3 d6 11. Bb2 Nbd7 12. Rac1 Qc7 13. Rfd1 Rac8 14. e4 cxd4 15. Nxd4 a6 16. Nf1 Qb8 17. Qb1 Nc5 18. f3 Rfd8 19. Ne3 Ne8 20. Ba1 Nd7 21. f4 Qa7 22. Kf2 Qa8 23. Re1 Nef6 24. Nf1 Nc5 25. Nd2 Qa7 26. Bf3 b5 27. Kg2 bxc4 28. Nxc4 d5 29. exd5 Bxd5 30. Bxd5 Rxd5 31. Ne5 Qa8 32. Kg1 Bd8 33. b4 Ncd7 34. Nec6 h5 35. Nxd8 Rxd8 36. Qc2 Nf8 37. Red1 h4 38. Qg2 Qa7 39. Rc4 hxg3 40. hxg3 e5 41. fxe5 Ng4 42. Qe4 Nxe5 43. Rc2 Ne6 44. Rc8 Qd7 45. Rxd8+ Qxd8 46. Kg2 Qd7 47. Nxe6 Rxd1 48. Qa8+ Kh7 49. Nf8+ 1-0

[Event "LIB-ch 40th"]
[Site "Beirut"]
[Date "2014.06.14"]
[Round "1.1"]
[White "Najjar, Ahmad"]
[Black "Maasarani, Mahmoud"]
[Result "0-1"]
[WhiteElo "2247"]
[BlackElo "2103"]
[PlyCount "174"]
[EventDate "2014.06.14"]
[EventType "tourn"]
[EventRounds "11"]
[EventCountry "LBN"]
[SourceTitle "EXT 2016"]
[Source "ChessBase"]
[SourceDate "2015.10.08"]
[SourceVersion "1"]
[SourceVersionDate "2015.10.08"]
[SourceQuality "1"]

1. d4 Nf6 2. Nf3 c5 3. c3 b6 4. Bf4 e6 5. Nbd2 Bb7 6. e3 Be7 7. h3 0-0 8. Be2 d5 9. 0-0 Nc6 10. Ne5 Nxe5 11. Bxe5 Bd6 12. f4 Ne4 13. Bxd6 Qxd6 14. Bd3 Nxd2 15. Qxd2 a5 16. Qe2 c4 17. Bc2 b5 18. a3 b4 19. Qd2 b3 20. Bd1 f5 21. g4 Bc6 22. Rf2 Ra7 23. Rg2 Qd8 24. Qf2 Be8 25. gxf5 exf5 26. Bf3 Bf7 27. Kh2 Kh8 28. Rag1 Rg8 29. Rg5 Qf6 30. Qg2 Rd7 31. h4 Rd6 32. Qh3 Be6 33. h5 Qe7 34. R1g3 Rdd8 35. Qf1 h6 36. Rg6 Bf7 37. Ra6 Ra8 38. Rxa8 Rxa8 39. Qg2 Rg8 40. Bxd5 Bxd5 41. Qxd5 Qh4+ 42. Kg2 Qxh5 43. Qxc4 Qd1 44. Kf2 Re8 45. Qe2 Qh1 46. Qf1 Qe4 47. Kg1 Rc8 48. Qg2 Qb1+ 49. Kh2 Rc7 50. Qe2 Qe4 51. Qf3 Qd3 52. Qa8+ Kh7 53. Qe8 Qa6 54. Qh5 Qe6 55. Qf3 a4 56. Rg2 Re7 57. Re2 Qf6 58. c4 g5 59. fxg5 hxg5 60. Kg1 Kg6 61. Rh2 g4 62. Qf4 Qg5 63. c5 Rxe3 64. Qxg5+ Kxg5 65. Rh7 Re1+ 66. Kf2 Rb1 67. Ke3 Rxb2 68. Rg7+ Kf6 69. Ra7 g3 70. Ra6+ Kf7 71. Ra7+ Kf6 72. Ra6+ Kg5 73. Ra8 f4+ 74. Ke4 Re2+ 75. Kd3 b2 76. Rb8 Re3+ 77. Kc2 Rb3 78. Rg8+ Kf5 79. Kb1 Ke4 80. Rg4 Kf3 81. Rg5 Kf2 82. d5 g2 83. d6 Rg3 84. Rxg3 fxg3 85. d7 g1Q+ 86. Kxb2 Qd1 87. c6 Qd3 0-1

[Event "LIB-ch"]
[Site "Beirut"]
[Date "2014.03.07"]
[Round "5"]
[White "Maasarani, Mahmoud"]
[Black "Abou El Hussen, Amir"]
[Result "1-0"]
[WhiteElo "2111"]
[BlackElo "1750"]
[PlyCount "65"]
[EventDate "2014.03.03"]
[EventType "swiss"]
[EventRounds "7"]
[EventCountry "LBN"]
[SourceTitle "EXT 2016"]
[Source "ChessBase"]
[SourceDate "2015.10.08"]
[SourceVersion "1"]
[SourceVersionDate "2015.10.08"]
[SourceQuality "1"]

1. d4 Nf6 2. Nf3 c5 3. c4 cxd4 4. Nxd4 g6 5. Nc3 d5 6. cxd5 Nxd5 7. e4 Nxc3 8. bxc3 Bg7 9. Bb5+ Nd7 10. 0-0 0-0 11. Ba3 Nf6 12. Re1 Qc7 13. Qb3 Ng4 14. g3 a6 15. Bf1 h5 16. Qc4 Qxc4 17. Bxc4 Re8 18. Rab1 Ne5 19. Be2 b5 20. f4 Nc4 21. Bxc4 bxc4 22. Rb4 e5 23. fxe5 Bf8 24. Ra4 Bd7 25. Ra5 Bxa3 26. Rxa3 Rxe5 27. Nf3 Re7 28. Kf2 Bc6 29. e5 Bb5 30. Nd4 Rae8 31. Ra5 Rxe5 32. Rxe5 Rxe5 33. a4 1-0

[Event "LIB-ch"]
[Site "Beirut"]
[Date "2013.10.08"]
[Round "9"]
[White "Bassel, Charaf"]
[Black "Maasarani, Mahmoud"]
[Result "1-0"]
[WhiteElo "2070"]
[BlackElo "2109"]
[PlyCount "141"]
[EventDate "2013.09.28"]
[EventType "tourn"]
[EventRounds "11"]
[EventCountry "LBN"]
[SourceTitle "EXT 2014"]
[Source "ChessBase"]
[SourceDate "2013.11.20"]
[SourceVersion "1"]
[SourceVersionDate "2013.11.20"]
[SourceQuality "1"]

1. b3 d6 2. Bb2 Nd7 3. e3 Ngf6 4. Nf3 g6 5. d4 Bg7 6. Nbd2 0-0 7. g3 b6 8. Bg2 Bb7 9. 0-0 Ne4 10. c4 Nxd2 11. Qxd2 Be4 12. Rfd1 d5 13. Rac1 e6 14. Ne1 Bxg2 15. Kxg2 Nf6 16. f3 Qd7 17. Nd3 c6 18. Ne5 Qb7 19. cxd5 cxd5 20. a4 Rfc8 21. Ba3 Nd7 22. Nd3 Rxc1 23. Rxc1 Rc8 24. Rc2 Rxc2 25. Qxc2 e5 26. Bb2 exd4 27. Bxd4 Bxd4 28. exd4 Nf8 29. Ne5 Ne6 30. Qc6 Qxc6 31. Nxc6 a6 32. Kf2 Nc7 33. Ke3 f6 34. b4 Kf7 35. a5 b5 36. Nd8+ Ke7 37. Nb7 Ne6 38. Nc5 Nc7 39. Kf2 Kf7 40. Kg2 Ke7 41. Kh3 Kd6 42. Kg4 Ke7 43. f4 Kf7 44. f5 Ke7 45. h4 Kf7 46. fxg6+ hxg6 47. Kf4 Kg7 48. g4 Kf7 49. Ke3 Kg7 50. g5 Kf7 51. Kf3 fxg5 52. hxg5 Ne6 53. Nxa6 Nxd4+ 54. Kf4 Nc6 55. Nc7 Nxb4 56. a6 Nc6 57. Nxb5 d4 58. a7 Nxa7 59. Nxa7 d3 60. Nb5 d2 61. Nc3 Ke7 62. Ke5 Kf7 63. Kd6 Kg8 64. Ke6 Kg7 65. Ke7 Kg8 66. Kf6 Kh7 67. Kf7 Kh8 68. Kxg6 Kg8 69. Kf6 Kf8 70. g6 Kg8 71. g7 1-0

[Event "LIB-ch"]
[Site "Beirut"]
[Date "2013.10.05"]
[Round "7"]
[White "El Jawich, Amro"]
[Black "Maasarani, Mahmoud"]
[Result "1-0"]
[WhiteElo "2173"]
[BlackElo "2109"]
[PlyCount "31"]
[EventDate "2013.09.28"]
[EventType "tourn"]
[EventRounds "11"]
[EventCountry "LBN"]
[SourceTitle "EXT 2014"]
[Source "ChessBase"]
[SourceDate "2013.11.20"]
[SourceVersion "1"]
[SourceVersionDate "2013.11.20"]
[SourceQuality "1"]

1. e4 c6 2. d4 d5 3. f3 dxe4 4. fxe4 e5 5. Nf3 exd4 6. Bc4 Bc5 7. 0-0 f6 8. a3 Bg4 9. b4 Bd6 10. c3 dxc3 11. Qb3 Bxf3 12. Rxf3 Ne7 13. Bf7+ Kf8 14. Rxf6 Nd5 15. Rf5 Ne7 16. Bg6+ 1-0

[Event "LIB-ch"]
[Site "Beirut"]
[Date "2013.10.02"]
[Round "4"]
[White "Maasarani, Mahmoud"]
[Black "Kassis, Antoine"]
[Result "1/2-1/2"]
[WhiteElo "2109"]
[BlackElo "2166"]
[PlyCount "46"]
[EventDate "2013.09.28"]
[EventType "tourn"]
[EventRounds "11"]
[EventCountry "LBN"]
[SourceTitle "EXT 2014"]
[Source "ChessBase"]
[SourceDate "2013.11.20"]
[SourceVersion "1"]
[SourceVersionDate "2013.11.20"]
[SourceQuality "1"]

1. d4 Nf6 2. Nf3 c5 3. g3 cxd4 4. Nxd4 d5 5. Bg2 e5 6. Nb3 Bb4+ 7. c3 Be7 8. 0-0 0-0 9. Be3 Nc6 10. Bc5 Bxc5 11. Nxc5 Qe7 12. Nb3 Be6 13. N1d2 Rfd8 14. Nf3 h6 15. e3 a5 16. Qe2 Ne4 17. Nbd2 Qc5 18. a4 Nd6 19. Rfd1 Qb6 20. b3 Re8 21. Rac1 Rac8 22. Ne1 d4 23. c4 Qa6 1/2-1/2

[Event "Mediterranean-ch 8th"]
[Site "Beirut"]
[Date "2013.01.24"]
[Round "8"]
[White "Maasarani, Mahmoud"]
[Black "El Jawich, Amro"]
[Result "0-1"]
[WhiteElo "2108"]
[BlackElo "2170"]
[PlyCount "88"]
[EventDate "2013.01.19"]
[EventType "swiss"]
[EventRounds "9"]
[EventCountry "LBN"]
[SourceTitle "CBM 152 Extra"]
[Source "ChessBase"]
[SourceDate "2013.02.25"]
[SourceVersion "1"]
[SourceVersionDate "2013.02.25"]
[SourceQuality "1"]

1. d4 d6 2. Nf3 Nd7 3. g3 Ngf6 4. Bg2 g6 5. 0-0 Bg7 6. Nbd2 0-0 7. c3 e5 8. e4 Qe7 9. Re1 Nb6 10. b3 c5 11. Bb2 Ne8 12. dxe5 dxe5 13. c4 Nc7 14. Nf1 Rd8 15. Qc2 Bg4 16. Ne3 Bxf3 17. Bxf3 Ne6 18. Nd5 Nxd5 19. exd5 Nd4 20. Qd1 Qd6 21. Bg2 f6 22. Bxd4 cxd4 23. f3 Bh6 24. a3 a5 25. Qd3 Rac8 26. Re2 Be3+ 27. Kh1 Qc5 28. Bf1 Re8 29. b4 axb4 30. axb4 Qxb4 31. Rb1 Qe7 32. d6 Qd7 33. Rxe3 dxe3 34. Qd5+ Re6 35. Rxb7 Qxd6 36. Qb5 Qd1 37. c5 Rxc5 38. Qe2 Qxe2 39. Bxe2 Rc2 40. Bd3 Rc3 41. Rd7 Rb6 42. Kg2 Rb2+ 43. Kh3 Rd2 44. Kh4 Rcxd3 0-1

[Event "Mediterranean-ch 8th"]
[Site "Beirut"]
[Date "2013.01.20"]
[Round "2"]
[White "Maasarani, Mahmoud"]
[Black "Iyti, Basher"]
[Result "1/2-1/2"]
[WhiteElo "2108"]
[BlackElo "2259"]
[PlyCount "25"]
[EventDate "2013.01.19"]
[EventType "swiss"]
[EventRounds "9"]
[EventCountry "LBN"]
[SourceTitle "CBM 152 Extra"]
[Source "ChessBase"]
[SourceDate "2013.02.25"]
[SourceVersion "1"]
[SourceVersionDate "2013.02.25"]
[SourceQuality "1"]

1. d4 d5 2. Nf3 c5 3. g3 Nc6 4. Bg2 Nf6 5. 0-0 e6 6. c4 dxc4 7. Ne5 Nxe5 8. dxe5 Qxd1 9. Rxd1 Nd7 10. f4 Rb8 11. a4 Be7 12. Na3 0-0 13. Nxc4 1/2-1/2